000 00521ntaaa2200193 4500
003 01
005 20251027202433.0
008 0714s1973 ag 01
040 _aAR-BaBN
_bspa
_cAR-BaBN
_eaacr
_dRIC
082 _a261.7200 M33
100 _aMarcovecchio Labbate, Juan
_923230
245 _aEl púlpito invade la escuela argentina
250 _a1 ed.
260 _aBuenos Aires :
_bEditorial "Regeneración Humana",
_cc1961
300 _a86 p.
650 _aCatolicismo
_9316
650 _aEstado e Iglesia
942 _cBK
999 _c19316
_d19316